|
|
|
|
| LEADER |
00573cam a2200181 7i4500 |
| 001 |
0000005598 |
| 005 |
19991025090000.0 |
| 002 |
##000007236 |
| 020 |
0 |
0 |
|a T000005647
|
| 090 |
0 |
0 |
|a INDA 338.7025
|b IND
|
| 245 |
0 |
0 |
|a India awakens :
|b an economic & political profile && business directory.
|
| 260 |
0 |
0 |
|a London:
|b K.P. Sales,
|c [199-].
|
| 300 |
0 |
0 |
|a 432 p..
|
| 650 |
0 |
0 |
|a Business --
|x Directories --
|z India
|
| 650 |
0 |
0 |
|a India --
|x Economic development
|
| 650 |
0 |
0 |
|a India --
|x Political aspects
|
| 651 |
0 |
0 |
|a India
|
| 999 |
|
|
|a 0000008569
|b Book
|c Open shelf
|e Business Information Centre
|